01106nam a2200241Ia 4500001000600000003000900006008004100015040001300056040001300069041001300082100001700095100002900112245005400141245005400195250001100249260001900260260001200279260004900291300004300340500042300383650002700806650003100833D8339IT-RoPAU130308s9999 xx 000 0 und d aIT-RoPAU cIT-RoPAU aITALIANO aPruzzo Piero gCodice Aut. SPICS: 14511 aStoria del cinema musical americano in cento film bStoria del Cinema Musical Americano in cento Film a1a ed. aRECCO (GENOVA) bLe Mani c1995 [1° Ed.:1995 - Ed.Ling.Originale:1995] a"220 p. (prefazione: no ; testo: 220)" aMusical Americano Costituisce una delle Piu' Appassionanti e Gloriose Espressioni della Grande Industria Cinematografica Americana. Musical Operistici, Biografici, Drammatici, Fiabeschi. Cinema in Cui Musica, Canto e Ballo Sono Elementi Fondamentali. Schede Tecniche e Analisi Critiche di 100 Film in Ordine cronologico della Lorocomparsa Sugli Schermi, da Il cantante di Jazz del 1927 a la bella e la Bestia del 1991. aGENERI CINEMATOGRAFICI eCodice materia Spics: 6810